书目信息 |
| 题名: |
中国教师新百科
|
|
| 作者: | 柳斌 主编 ;叶澜 本卷主编 | |
| 分册: | 中学教育卷 | |
| 出版信息: | 北京 中国大百科全书出版社 2002 |
|
| 页数: | 601页 | |
| 开本: | 24cm | |
| 丛书名: | ||
| 单 册: | ||
| 中图分类: | G52-61 , G639.2-61 | |
| 科图分类: | ||
| 主题词: | 教育--中国--百科全书 , 中等教育--中国--百科全书 | |
| 电子资源: | ||
| ISBN: | 7-5000-6633-3 | |
| 000 | 00752nam0 2200253 450 | |
| 001 | 1575787747 | |
| 005 | 20150204210326.29 | |
| 010 | @a7-5000-6633-3@dCNY68.00 | |
| 100 | @a20030210d2002 em y0chiy0121 ea | |
| 101 | 0 | @achi |
| 102 | @aCN@b110000 | |
| 105 | @ay f 000yy | |
| 200 | 10 | @a中国教师新百科@9zhong guo jiao shi xin bai ke@i中学教育卷@f柳斌主编@g叶澜本卷主编 |
| 210 | @a北京@c中国大百科全书出版社@d2002 | |
| 215 | @a601页@d24cm | |
| 517 | 1 | @a中学教育卷@9zhong xue jiao yu juan |
| 606 | 0 | @a教育@y中国@j百科全书 |
| 606 | 0 | @a中等教育@y中国@j百科全书 |
| 690 | @aG52-61@v5 | |
| 690 | @aG639.2-61@v5 | |
| 701 | 0 | @a柳斌@9liu bin@4主编 |
| 702 | 0 | @a叶澜@9ye lan@4本卷主编 |
| 801 | 0 | @aCN@bTSSF@c20150204 |
| 905 | @aZUCC@dG52-61@eJY1 | |
| 中国教师新百科.中学教育卷/柳斌主编/叶澜本卷主编.-北京:中国大百科全书出版社,2002 |
| 601页;24cm |
| ISBN 7-5000-6633-3:CNY68.00 |
| ● |
| 相关链接 |
|
|
|
|
正题名:中国教师新百科
索取号:G52-61/JY1
 
预约/预借
| 序号 | 登录号 | 条形码 | 馆藏地/架位号 | 状态 | 备注 |
| 1 | 7865429 | 278654298 | 学院路分馆/ [索取号:G52-61/JY1] | 在馆 |